000 01945nam0a22004331 4500
001 v19\rc\1604210
005 20230712125430.0
035 _a(NLR Aleph) 004726012
090 _a4398250
_c4398250
100 _a20061002d1896 |||y0rusy50 ca
101 0 _arus
102 _aRU
105 _ay z |||||
135 _acrmn mmmanaba
200 1 _a[Киевский Владимирский собор
_eК истории его постройки
210 _aКиев
_d1896]
215 _a10 с.
_d35
300 _aТекст начинается словами: Киевский Владимирский собор есть памятник св. равноапостольному просветителю России...
300 _aАвт. установлен по автогр. на экз. РНБ
309 _aБез тит. л. и обл.
316 _aЭкз. РНБ (18.270.1.53): с автогр. авт.
_5NLR: 18.270.1.53
325 _aКопия доступна в Электрон. б-ке РНБ
540 1 _aКиевский Владимирский собор
700 1 _aПрахов
_bА. В.
_f1846-1916
_gАдриан Викторович
801 0 _aRU
_bNLR
_gpsbo
801 0 _aRU
_bRuMoRGB
_2psbo
801 1 _aRU
_bProSoft-M
_2rusmarc
852 _aNLR
_j18.270.1.53
856 0 _uhttps://vivaldi.nlr.ru/bx000034916/view
856 1 _uhttps://vivaldi.nlr.ru/bx000034916/cover
856 2 _uhttps://vivaldi.nlr.ru/bx000034916/text
899 _aБАН
942 _cBOOK
980 _aNB
981 2 2 _a(22) Материалы по истории России
_b(22) Культура. Наука. Просвещение.
981 2 2 _a(22) Материалы по истории России
_b(22) История России до 25 октября (7 ноября) 1917 года